Europa Autokennzeichen - Statistiken

Allgemein
  • Dieses Quiz wurde 832 mal gespielt
  • Das Durchschnittsergebnis liegt bei 33 aus 47
Antwortstatistiken
Kennzeichen Land % Korrekt
D Deutschland
98%
EST Estland
96%
F Frankreich
96%
IRL Irland
94%
B Belgien
93%
GB/UK Vereinigtes Königreich
90%
SK Slowakei
89%
FIN Finnland
87%
BG Bulgarien
86%
GR Griechenland
86%
I Italien
85%
SRB Serbien
84%
DK Dänemark
83%
CZ Tschechien
83%
NL Niederlande
81%
LV Lettland
80%
LT Litauen
80%
PL Polen
79%
RO Rumänien
79%
SLO Slowenien
79%
RUS Russland
78%
CH Schweiz
77%
A Österreich
74%
HR Kroatien
73%
H Ungarn
73%
IS Island
69%
E Spanien
69%
L Luxemburg
67%
S Schweden
66%
AND Andorra
65%
AL Albanien
64%
UA Ukraine
64%
M Malta
63%
V Vatikanstadt
63%
MD Moldawien
61%
CY Zypern
59%
BIH Bosnien und Herzegowina
58%
N Norwegen
58%
MNE Montenegro
57%
MC Monaco
55%
BY Belarus
51%
NMK Mazedonien
51%
TR Türkei
51%
RKS Kosovo
48%
REPUBBLICA DI ... San Marino
43%
KZ Kasachstan
33%
FL Lichtenstein
26%
Keine übereinstimmenden Quizze gefunden
Verteilung der Resultate
Anzahl Personen mit jedem Resultat
Perzentil nach korrekt beantworteten Fragen
Ihre Resultats-Entwicklung
Sie haben dieses Quiz noch nicht gespielt